| 000 | 00980nam a22003011 4500 | ||
|---|---|---|---|
| 001 | 143767 | ||
| 003 | SpMaBN | ||
| 005 | 20240129115322.0 | ||
| 008 | 981210s1964 sp spa | ||
| 016 | 7 |
_abimoBNE20000214344 _zIND9800834539 _2SpMaBN |
|
| 035 | _a(OCoLC)434400952 | ||
| 040 |
_aSpMaBN _bspa _cCDM _dES-MaACL |
||
| 080 | _a265 | ||
| 100 |
_aSheen, Fulton J. _d1895-1979 _0XX820391 _9227301 |
||
| 245 | 1 | 4 |
_aLos sacramentos / _cFulton J. Sheen ; [traducción del inglés por Juan G. de Luaces] |
| 250 | _a1ª. ed. | ||
| 260 |
_aBarcelona : _bPlaneta ; _b[Duplex, _c1964] |
||
| 300 |
_a242 p., 3 h. ; _c20 cm |
||
| 490 | 0 | _aColección Razón y Fé | |
| 650 | 7 |
_aSacramentos _2embne _916963 |
|
| 700 | 0 |
_aLuaces, Juan G. de _d1906-1963 _9227304 |
|
| 830 |
_aRazón y fe _9187282 |
||
| 852 |
_aES-MaACL _bR.54596 _cDEPO2 _jC-25786 _9148959 |
||
| 942 |
_2udc _cMONOGRAFIA |
||
| 999 |
_c143767 _d143767 |
||